Stones of the Earth = Steine der Erde = Kameny Země /

Hlavní autor: Míček, Tomáš, 1938-2023
Další autoři: Torwesten, Hans, 1944-, Větvička, Václav, 1938-, Budd, Richard, Ponsford, Luke, 1977-, Miesenböck, Julia, 1985-, Žaludová, Runka
Jazyk: Němčina
Angličtina
Čeština
Vydáno: Prague : Slovart, [2020]
Témata:
Fyzický popis: 399 stran : ilustrace (převážně barevné), mapy ; 37 cm
Language note: Text souběžně anglicky, česky a německy
Knihy
Uloženo v:
LEADER 02390nam a2200577 i 4500
001 nkc20203258910
003 CZ PrNK
005 20250519141842.0
007 ta
008 201016t20202020xr ab e 000 0 eng
015 |a cnb003258910 
020 |a 978-80-276-0115-8  |q (anglický přebal ;  |q vázáno) 
020 |a 978-80-276-0098-4  |q (německý přebal ;  |q vázáno) 
020 |a 978-80-276-0080-9  |q (český přebal ;  |q vázáno) 
035 |a (OCoLC)1226360245 
040 |a OLA001  |b cze  |d ABA001  |e rda 
041 1 |a eng  |a cze  |a ger  |h ger 
043 |a x------ 
072 7 |a 551  |x Geologie. Meteorologie. Klimatologie  |2 Konspekt  |9 7 
080 |a 551.435.4  |2 MRF 
080 |a (100)  |2 MRF 
080 |a (084.12)  |2 MRF 
100 1 |a Míček, Tomáš,  |d 1938-2023  |7 jx20040625017  |4 pht 
245 1 0 |a Stones of the Earth =  |b Steine der Erde = Kameny Země /  |c Tomáš Míček ; texts by Hans Torwesten and Václav Větvička 
246 3 1 |a Steine der Erde 
246 3 1 |a Kameny Země 
264 1 |a Prague :  |b Slovart,  |c [2020] 
264 4 |c ©2020 
300 |a 399 stran :  |b ilustrace (převážně barevné), mapy ;  |c 37 cm 
336 |a text  |b txt  |2 rdacontent 
336 |a statický obraz  |b sti  |2 rdacontent 
337 |a bez média  |b n  |2 rdamedia 
338 |a svazek  |b nc  |2 rdacarrier 
500 |a Anglický překlad Richard Budd, Luke Ponsford, německý překlad Julia Miesenbock, český překlad Runka Žaludová 
500 |a Trojjazyčná, primárně obrazová publikace, lišící se v jednotlivých jazykových mutacích pouze čárovým kódem na přebalu 
546 |a Text souběžně anglicky, česky a německy 
650 0 7 |a skalní útvary  |7 ph241130  |z země světa  |2 czenas 
650 0 9 |a rock formations  |z countries of the world  |2 eczenas 
655 7 |a fotografické publikace  |7 fd132276  |2 czenas 
655 9 |a photographical works  |2 eczenas 
700 1 |a Torwesten, Hans,  |d 1944-  |7 jo2016931193  |4 aut 
700 1 |a Větvička, Václav,  |d 1938-  |7 jn99240001407  |4 aut 
700 1 |a Budd, Richard  |4 trl 
700 1 |a Ponsford, Luke,  |d 1977-  |7 ola20201090229  |4 trl 
700 1 |a Miesenböck, Julia,  |d 1985-  |7 jo20191025148  |4 trl 
700 1 |a Žaludová, Runka  |7 xx0088409  |4 trl 
910 2 |a BOA001  |b 5-1455.485 
990 |a BK 
995 |a 01 
991 |b 202011  |c NOV 
996 6 |b 2610845554  |c 5-1455.485  |l MZK  |r Sklad / do 24 hodin  |n 0  |p p.v.  |w 001834229  |u 000010  |a 1  |e BOA001  |j MZK50  |s P